| 000 | 03634nam a22002417a 4500 | ||
|---|---|---|---|
| 005 | 20150124131400.0 | ||
| 008 | 101117t mx||||| |||| 00| 0 spa d | ||
| 050 | 0 | 4 |
_aF1306.M5 _bC46 1993 |
| 100 | 1 | _aArreola Cortes, Raul | |
| 110 | 2 | _aCentro de estudios sobre la cultura nicolaita.(Michoacán) | |
| 245 | 1 | 0 |
_aTiempo de España, tiempo de America y otros ensayos sobre el 5o. Centenario / _cRaul Arreola Cortes; Centro de estudios sobre la cultura nicolaita. |
| 250 | _a1a ed. | ||
| 260 |
_aMorelia, Mich. : _bUMSNH; _cc1993 |
||
| 300 |
_a153 p.: _bil.; _c19 cm. |
||
| 440 | 0 |
_aBiblioteca de nicolaitas notables _vNo. 50 |
|
| 490 |
_aBiblioteca de Nicolaitas Notables _vNo. 50 |
||
| 500 | _aObra conmemorativa del 75 aniversario de la fundacioón de la Universidad Michoacana de San Nicolás de Hidalgo | ||
| 504 | _aIncluye bibliografía e índice | ||
| 505 |
_aContiene: _tLa salud pública en Michoacán / Juan José Alcocer Campero Calderón v.22. Contenido: Adolfo Cano, jurista Nicolaita / Alfredo Lozano Vázquez v.23. Contenido: Don Vasco de Quiroga : grandeza de su persona y de su obra / Nicolás León v.24. Contenido: Procesos Inquisitorial y militar seguidos a D. Miguel Hidalgo y Costilla / Antonio Pompa y Pompa v.26. Contenido: Aula nobilis : monografía del Colegio Primitivo de San Nicolás de Hidalgo / Pablo G. Macías v.27. Contenido: Ser y hacer del Rubén Romero / María Teresa Perdomo v.28. Contenido: Hidalgo intimo : (Edición facsimilar de la de 1910) / José M.de la Fuente v.29. Contenido: Memorias universitarias : Algunas Cuestiones Académicas Importantes que Tocó al Autor promover, Apoyar o llevar Adelante en más de veinte Años de trabajo Docente / Jesús Bravo Baquero v.30. Contenido: Bosquejo Histórico de la ciudad de Morelia / Juan de la Torre v.32. Contenido: Hidalgo : reformador y Maestro / Pablo G. Macías Guillén v.33. Contenido: La comisión Nacional de los Libros de texto gratuitos (En el sexenio del presidente Adolfo López Mateos 1959-1964) / Juan Hernández Luna v.34. Contenido: El joven Teólogo Miguel Hidalgo y Costilla : Anales de su vida y de su Revolución de Independencia / Agustín Rivera y Sanromán v.35. Contenido: La Universidad de Primavera : "Vasco de Quiroga" / Juan de la Encina y Enrique Diez Canedo. v.36. Contenido: La Universidad de primavera "Vasco de Quiroga" / Fernando de Buen v.37. Contenido: Melchor Ocampo : Vida y Obra / Raúl Arreola Cortés v.39. Contenido: Hidalgo en el Colegio de San Nicolás / Enrique Arrequín Oviedo v.40. Contenido: José Pérez Calama, un clérigo Ilustrado del siglo XVIII en la Antigua Valladolid de Michoacán / Juvenal Jaramillo M. v.41. Contenido: Historia de la calzada construida el Lago de Cuitzeo / Nabor Ballesteros Tena v.42. Contenido: Universidad y Ciencia / Porfirio García de León González; Introducción de Porfirio García de León Campero Calderón. v.44. Contenido: Maestro y Aeda / Francisco R. Romero; Prólogo de Cayetano Andrade. v.45. Contenido: Hidalgo antes del grito de Dolores / Carlos Herrejón Peredo v.46. Contenido: Sílfide : Peripecias de un abogado nicolaita : (Novela) / Rafael Ferreira León v.47. Contenido: Aníbal Ponce, Maestro Nicolaita / Selección y prólogo de Raúl Arreola Cortés v.48. Contenido: Ensayo sobre Ludwig Feuerbach y su crítica filosófica de la religión / Jesús Bravo Baquero v.49. Contenido: Tiempo de España, Tiempo de América y otros ensayos sobre el 5° Centenario / Raúl Arreola Cortés v.50. |
||
| 650 | 4 |
_aHistoria _zMichoacán, México |
|
| 710 | 2 | _aCentro de estudios sobre la cultura nicolaita.(Michoacán) | |
| 942 |
_2lcc _cLIB |
||
| 999 |
_c75408 _d75408 |
||